[Event "Qatar Masters op"]
[Site "Doha"]
[Date "2023.10.17"]
[Round "6"]
[White "Gagare, Shardul"]
[Black "Rosen, Eric S"]
[Result "1/2-1/2"]
[WhiteElo "2460"]
[BlackElo "2341"]
[PlyCount "52"]
[EventDate "2023.10.11"]
[EventType "swiss"]
[EventRounds "9"]
[EventCountry "QAT"]
[SourceTitle "Mega2024 Update 01"]
[Source "Chessbase"]
[SourceDate "2023.11.12"]
[SourceVersion "1"]
[SourceVersionDate "2023.11.12"]
[SourceQuality "1"]

1. d4 d5 2. c4 e6 3. Nf3 Nf6 4. Nc3 Nbd7 5. cxd5 exd5 6. Bg5 c6 7. e3 h6 8. Bh4 g5 9. Bg3 Nh5 10. Qc2 Nxg3 11. hxg3 Bg7 12. 0-0-0 Nb6 13. e4 dxe4 14. Nxe4 Qd5 15. Nc3 Qa5 16. Re1+ Be6 17. Rxe6+ fxe6 18. Qg6+ Kf8 19. Qxe6 Re8 20. Qg6 Re7 21. Bd3 Nd5 22. Qf5+ Ke8 23. Qc8+ Kf7 24. Qf5+ Ke8 25. Qc8+ Kf7 26. Qf5+ Ke8 1/2-1/2

[Event "Qatar Masters op"]
[Site "Doha"]
[Date "2023.10.14"]
[Round "4"]
[White "Gagare, Shardul"]
[Black "Can, Emre"]
[Result "1/2-1/2"]
[WhiteElo "2460"]
[BlackElo "2576"]
[PlyCount "62"]
[EventDate "2023.10.11"]
[EventType "swiss"]
[EventRounds "9"]
[EventCountry "QAT"]
[SourceTitle "Mega2024 Update 01"]
[Source "Chessbase"]
[SourceDate "2023.11.12"]
[SourceVersion "1"]
[SourceVersionDate "2023.11.12"]
[SourceQuality "1"]

1. d4 Nf6 2. c4 g6 3. Nf3 Bg7 4. g3 0-0 5. Bg2 d6 6. 0-0 c6 7. Nc3 Qb6 8. h3 Qa6 9. Nd2 Qb6 10. Nf3 Qa6 11. Nd2 Qb6 12. Nf3 Nbd7 13. e4 e5 14. c5 dxc5 15. dxe5 Ne8 16. e6 fxe6 17. Ng5 Ne5 18. f4 Nf7 19. Nxf7 Bd4+ 20. Kh2 Rxf7 21. e5 Qc7 22. Ne4 b6 23. Qc2 Ba6 24. Rd1 Ng7 25. Ng5 Re7 26. g4 Qd7 27. h4 Ne8 28. Ne4 Kh8 29. a4 Qd8 30. Ra3 Nc7 31. Nf6 Nd5 1/2-1/2

[Event "Arad op 16th"]
[Site "Arad"]
[Date "2023.08.12"]
[Round "8"]
[White "Padurariu, Mihai Edward"]
[Black "Gagare, Shardul"]
[Result "1/2-1/2"]
[WhiteElo "2227"]
[BlackElo "2461"]
[PlyCount "67"]
[EventDate "2023.08.07"]
[EventType "swiss"]
[EventRounds "9"]
[EventCountry "ROU"]
[SourceTitle "EXT 2024"]
[Source "ChessBase"]
[SourceDate "2023.10.10"]
[SourceVersion "1"]
[SourceVersionDate "2023.10.10"]
[SourceQuality "1"]

1. e4 e5 2. Bc4 Nf6 3. d3 Bc5 4. Nf3 Nc6 5. Bb3 0-0 6. h3 d6 7. c3 Ne7 8. 0-0 Bb6 9. Nbd2 c6 10. Re1 Ng6 11. d4 Bc7 12. Nf1 d5 13. Bg5 dxe4 14. Rxe4 h6 15. Bxf6 Qxf6 16. dxe5 Nxe5 17. Nxe5 Bxe5 18. Qe2 Bd6 19. Ng3 Bf5 20. Nxf5 Qxf5 21. Rd1 Rad8 22. Rd3 Kh8 23. Qf3 Qxf3 24. Rxf3 f6 25. Ree3 Bc5 26. Rd3 Rde8 27. Rd7 Re1+ 28. Kh2 Re2 29. Rg3 Re7 30. Rxe7 Bxe7 31. Rd3 Rd8 32. Rxd8+ Bxd8 33. h4 g6 34. Kg3 1/2-1/2

[Event "Timisoara Foisor Memorial Rapid"]
[Site "Timisoara"]
[Date "2023.08.06"]
[Round "9"]
[White "Bernadskiy, Vitaliy"]
[Black "Gagare, Shardul"]
[Result "1-0"]
[WhiteElo "2530"]
[BlackElo "2461"]
[PlyCount "79"]
[EventDate "2023.08.05"]
[EventType "swiss (rapid)"]
[EventRounds "10"]
[EventCountry "ROU"]
[SourceTitle "CBM 215 Extra"]
[Source "ChessBase"]
[SourceDate "2023.09.30"]
[SourceVersion "1"]
[SourceVersionDate "2023.09.30"]
[SourceQuality "1"]

1. d4 Nf6 2. c4 e6 3. Nf3 d5 4. Nc3 Be7 5. Bf4 0-0 6. a3 c5 7. dxc5 Bxc5 8. e3 Nc6 9. b4 Bb6 10. cxd5 Nxd5 11. Nxd5 exd5 12. Be2 a6 13. 0-0 d4 14. e4 Re8 15. Bc4 Be6 16. Bxe6 Rxe6 17. Qd3 Qf6 18. Bg3 Rae8 19. Rfe1 Qg6 20. Nd2 h5 21. f4 R6e7 22. Rac1 Bc7 23. Rf1 Qh6 24. h3 h4 25. Bh2 f6 26. Rc5 Qg6 27. Qf3 Bb6 28. Rd5 Rd8 29. Kh1 Red7 30. Rh5 d3 31. Rxh4 Nd4 32. Qxd3 Qf7 33. Qc4 Ne2 34. Qxe2 Rxd2 35. Qf3 Qc4 36. Bg1 Bxg1 37. Rxg1 Qe2 38. Qb3+ Kf8 39. Qe6 g6 40. Qxf6+ 1-0

[Event "Timisoara Foisor Memorial Rapid"]
[Site "Timisoara"]
[Date "2023.08.06"]
[Round "6"]
[White "Boros, Denes"]
[Black "Gagare, Shardul"]
[Result "1/2-1/2"]
[WhiteElo "2399"]
[BlackElo "2461"]
[PlyCount "140"]
[EventDate "2023.08.05"]
[EventType "swiss (rapid)"]
[EventRounds "10"]
[EventCountry "ROU"]
[SourceTitle "CBM 215 Extra"]
[Source "ChessBase"]
[SourceDate "2023.09.30"]
[SourceVersion "1"]
[SourceVersionDate "2023.09.30"]
[SourceQuality "1"]

1. e4 e6 2. d4 d5 3. Nc3 Nf6 4. Bd3 dxe4 5. Nxe4 Nbd7 6. c3 Nxe4 7. Bxe4 Nf6 8. Bc2 c5 9. Nf3 cxd4 10. Nxd4 Bc5 11. 0-0 0-0 12. Bg5 Be7 13. Re1 Nd5 14. Qd3 g6 15. Bxe7 Nxe7 16. Rad1 Qb6 17. Bb3 a5 18. Qe2 a4 19. Bc4 Ra5 20. b4 axb3 21. axb3 Rh5 22. h3 Nc6 23. Nf3 Qc7 24. b4 Ne7 25. Nd2 Bd7 26. Ne4 Kg7 27. Nc5 Bc8 28. Qd3 b6 29. Ne4 Bb7 30. Qd4+ e5 31. Qd7 Qxd7 32. Rxd7 Bxe4 33. Rxe4 Ng8 34. Rb7 Nf6 35. Re3 e4 36. g4 Rg5 37. Kf1 h5 38. gxh5 Rxh5 39. Rxb6 Rc8 40. Bb3 Nd5 41. Bxd5 Rxd5 42. Rb7 Rc4 43. Re7 Rd3 44. R7xe4 Rcxc3 45. Kg2 Rb3 46. Rxd3 Rxd3 47. Re3 Rd5 48. Rb3 Rb5 49. Kf3 Kf6 50. Ke4 Ke6 51. Kd4 Kd6 52. Kc4 Kc6 53. Rf3 Rh5 54. Rf6+ Kd7 55. Rxf7+ Ke6 56. Rf3 Kd7 57. Kb3 Kc6 58. Ka4 Rg5 59. b5+ Rxb5 60. Rf6+ Kc5 61. Rxg6 Rb4+ 62. Ka3 Rf4 63. Rg5+ Kd6 64. Rg2 Rf3+ 65. Kb4 Rxh3 66. Kc4 Ke5 67. Rg8 Rf3 68. Re8+ Kf4 69. Rf8+ Ke4 70. Re8+ Kf4 1/2-1/2

[Event "Timisoara Foisor Memorial Rapid"]
[Site "Timisoara"]
[Date "2023.08.06"]
[Round "7"]
[White "Gagare, Shardul"]
[Black "Lupulescu, Constantin"]
[Result "1-0"]
[WhiteElo "2461"]
[BlackElo "2584"]
[PlyCount "89"]
[EventDate "2023.08.05"]
[EventType "swiss (rapid)"]
[EventRounds "10"]
[EventCountry "ROU"]
[SourceTitle "CBM 215 Extra"]
[Source "ChessBase"]
[SourceDate "2023.09.30"]
[SourceVersion "1"]
[SourceVersionDate "2023.09.30"]
[SourceQuality "1"]

1. c4 e6 2. Nf3 d5 3. g3 d4 4. Bg2 c5 5. 0-0 Nc6 6. e3 Nf6 7. exd4 cxd4 8. d3 h6 9. Re1 Bd6 10. Na3 0-0 11. Nc2 a5 12. Na3 e5 13. c5 Bc7 14. Nb5 Bb8 15. Nd2 Be6 16. b3 Bd5 17. Ba3 Bxg2 18. Kxg2 Nd5 19. Nc4 f5 20. Qf3 Nc3 21. Nxc3 dxc3 22. Nd6 Bxd6 23. Qd5+ Kh8 24. cxd6 Qf6 25. d7 Nb4 26. Bxb4 axb4 27. Rxe5 Qc6 28. Qxc6 bxc6 29. Rae1 Rfd8 30. Re8+ Kh7 31. R1e6 c5 32. Re5 c2 33. Rxc5 Rxe8 34. dxe8Q Rxe8 35. Rxc2 Ra8 36. Rc4 Rxa2 37. Rxb4 Rb2 38. Kf3 Kg6 39. Rb6+ Kf7 40. b4 g5 41. b5 h5 42. Rb8 h4 43. gxh4 gxh4 44. b6 Kg7 45. b7 1-0

[Event "Pardubice Czech op-A 34th"]
[Site "Pardubice"]
[Date "2023.07.22"]
[Round "2"]
[White "Jeet, Jain"]
[Black "Gagare, Shardul"]
[Result "1/2-1/2"]
[WhiteElo "2225"]
[BlackElo "2480"]
[PlyCount "120"]
[EventDate "2023.07.21"]
[EventType "swiss"]
[EventRounds "9"]
[EventCountry "CZE"]
[SourceTitle "CBM 215 Extra"]
[Source "ChessBase"]
[SourceDate "2023.09.30"]
[SourceVersion "1"]
[SourceVersionDate "2023.09.30"]
[SourceQuality "1"]

1. e4 e6 2. d4 d5 3. Nc3 Nf6 4. e5 Nfd7 5. f4 c5 6. Nf3 Nc6 7. Be3 Rb8 8. a3 Qb6 9. Rb1 cxd4 10. Nxd4 Bc5 11. Nce2 f6 12. exf6 Nxf6 13. b4 Bxd4 14. Nxd4 e5 15. fxe5 Ng4 16. Bg1 0-0 17. Be2 Ncxe5 18. h3 Qh6 19. Rb3 Nc4 20. Bxc4 dxc4 21. Rf3 Bd7 22. Qd2 Qh5 23. Rxf8+ Rxf8 24. Ne2 Qh4+ 25. g3 Qf6 26. Qxd7 Qf1+ 27. Kd2 Nf6 28. Qxb7 Re8 29. Be3 c3+ 30. Kd3 Qf5+ 31. Kxc3 Rxe3+ 32. Kd2 Qf2 33. Qc8+ Re8 34. Qc4+ Kh8 35. Kd1 Ne4 36. Kc1 Qe3+ 37. Kb2 Nd2 38. Qb5 Qxe2 39. Qxe2 Rxe2 40. Kc3 Rg2 41. g4 Ne4+ 42. Kb2 Nf2 43. Rf1 g5 44. a4 Nxh3 45. Rf8+ Kg7 46. Ra8 Rxg4 47. Rxa7+ Kg6 48. Rb7 Re4 49. a5 g4 50. a6 Re8 51. b5 g3 52. Rd7 g2 53. Rd1 Ra8 54. c4 g1Q 55. Rxg1+ Nxg1 56. c5 Ne2 57. b6 Nd4 58. b7 Rb8 59. Ka3 Nc6 60. Ka4 Rf8 1/2-1/2

[Event "Pardubice Czech op-A 34th"]
[Site "Pardubice"]
[Date "2023.07.21"]
[Round "1"]
[White "Gagare, Shardul"]
[Black "Tikovsky, Alexander"]
[Result "1-0"]
[WhiteElo "2480"]
[BlackElo "2148"]
[PlyCount "83"]
[EventDate "2023.07.21"]
[EventType "swiss"]
[EventRounds "9"]
[EventCountry "CZE"]
[SourceTitle "CBM 215 Extra"]
[Source "ChessBase"]
[SourceDate "2023.09.30"]
[SourceVersion "1"]
[SourceVersionDate "2023.09.30"]
[SourceQuality "1"]

1. Nf3 g6 2. c4 Bg7 3. d4 d6 4. g3 Nd7 5. Bg2 e5 6. Nc3 Ne7 7. h4 exd4 8. Nxd4 Nf6 9. Bf4 0-0 10. Qd2 Re8 11. Bh6 Bh8 12. Bg5 h5 13. Rd1 Rb8 14. 0-0 Bg4 15. b4 Qc8 16. c5 dxc5 17. bxc5 Bh3 18. f3 Bxg2 19. Kxg2 Nf5 20. Nb3 Nh7 21. e4 Ne7 22. Bf4 Nc6 23. Nd5 Ne5 24. Qa5 c6 25. Ne3 b6 26. Qxa7 Ra8 27. Qxb6 Rxa2+ 28. Rf2 Rxf2+ 29. Kxf2 Nf8 30. Kg2 Ne6 31. Bxe5 Bxe5 32. Nc4 Bc7 33. Qxc6 Qb8 34. Nd6 Bxd6 35. cxd6 Rc8 36. Qd5 Rc2+ 37. Rd2 Rc3 38. Rd3 Rc2+ 39. Rd2 Rc3 40. Nd4 Rc5 41. Qa2 Nd8 42. Ne2 1-0

[Event "Warsaw Najdorf Memorial op-A"]
[Site "Warsaw"]
[Date "2023.07.13"]
[Round "3"]
[White "Kowalczyk, Rafal"]
[Black "Gagare, Shardul"]
[Result "1/2-1/2"]
[WhiteElo "2173"]
[BlackElo "2480"]
[PlyCount "37"]
[EventDate "2023.07.11"]
[EventType "swiss"]
[EventRounds "9"]
[EventCountry "POL"]
[SourceTitle "EXT 2024"]
[Source "ChessBase"]
[SourceDate "2023.10.10"]
[SourceVersion "1"]
[SourceVersionDate "2023.10.10"]
[SourceQuality "1"]

1. e4 c5 2. c3 d5 3. exd5 Qxd5 4. d4 Nf6 5. Nf3 e6 6. Na3 a6 7. Nc4 Nbd7 8. a4 cxd4 9. Qxd4 a5 10. Be2 Bc5 11. Qh4 0-0 12. 0-0 Qe4 13. Qxe4 Nxe4 14. Nfd2 Nxd2 15. Bxd2 Nb6 16. Nxb6 Bxb6 17. Bf3 e5 18. Rfe1 Bc7 19. Bd5 1/2-1/2

[Event "Warsaw Maciei Memorial"]
[Site "Warsaw"]
[Date "2023.07.10"]
[Round "6"]
[White "Gagare, Shardul"]
[Black "Kazakouski, Valery"]
[Result "0-1"]
[WhiteElo "2480"]
[BlackElo "2539"]
[PlyCount "118"]
[EventDate "2023.07.10"]
[EventType "swiss (blitz)"]
[EventRounds "11"]
[EventCountry "POL"]
[SourceTitle "CBM 215 Extra"]
[Source "ChessBase"]
[SourceDate "2023.09.30"]
[SourceVersion "1"]
[SourceVersionDate "2023.09.30"]
[SourceQuality "1"]

1. c4 e6 2. Nf3 Nf6 3. d4 d5 4. Nc3 a6 5. cxd5 exd5 6. Bg5 Be6 7. e3 Nbd7 8. Be2 h6 9. Bh4 c6 10. Qc2 Bd6 11. 0-0 0-0 12. Rab1 a5 13. a3 Qe7 14. Bg3 Rfc8 15. Rfc1 Bxg3 16. hxg3 g6 17. b4 Bf5 18. Bd3 Bxd3 19. Qxd3 axb4 20. axb4 b5 21. Nd2 Re8 22. Ne2 Qd6 23. Nb3 Nb6 24. Nc5 Nc4 25. Ra1 Ng4 26. Nf4 g5 27. Nh3 Kg7 28. Qf5 Ncxe3 29. fxe3 Qxg3 30. Qf3 Qh2+ 31. Kf1 Rxa1 32. Rxa1 Nxe3+ 33. Kf2 g4 34. Qg3 Qxg3+ 35. Kxg3 gxh3 36. Kxh3 Nc2 37. Rd1 Nxb4 38. Rd2 Re3+ 39. Kg4 Kg6 40. Kf4 Rc3 41. Ke5 Rc2 42. Rd1 Rxg2 43. Rb1 Nc2 44. Rd1 b4 45. Kd6 Rg4 46. Nb3 Rg3 47. Nc5 b3 48. Kxc6 b2 49. Rb1 Nxd4+ 50. Kxd5 Ne6 51. Ne4 Rg2 52. Kc4 h5 53. Kc3 h4 54. Nd2 h3 55. Rh1 Ng5 56. Nc4 Ne4+ 57. Kd4 Nf2 58. Rf1 h2 59. Ne5+ Kg7 0-1

[Event "Warsaw Maciei Memorial"]
[Site "Warsaw"]
[Date "2023.07.10"]
[Round "11"]
[White "Nasuta, Grzegorz"]
[Black "Gagare, Shardul"]
[Result "1-0"]
[WhiteElo "2552"]
[BlackElo "2480"]
[PlyCount "87"]
[EventDate "2023.07.10"]
[EventType "swiss (blitz)"]
[EventRounds "11"]
[EventCountry "POL"]
[SourceTitle "CBM 215 Extra"]
[Source "ChessBase"]
[SourceDate "2023.09.30"]
[SourceVersion "1"]
[SourceVersionDate "2023.09.30"]
[SourceQuality "1"]

1. e4 e6 2. d4 d5 3. e5 c5 4. c3 Qb6 5. Nf3 Bd7 6. Bd3 Bb5 7. dxc5 Bxc5 8. b4 Be7 9. 0-0 Bxd3 10. Qxd3 Nd7 11. Na3 Rc8 12. Be3 Qa6 13. Qxa6 bxa6 14. Rfc1 Nb6 15. Rab1 Nh6 16. c4 Nxc4 17. Nxc4 dxc4 18. Nd2 c3 19. Ne4 c2 20. Rb2 Ng4 21. Rbxc2 Rxc2 22. Rxc2 0-0 23. Bc5 Bxc5 24. Rxc5 Rd8 25. g3 h6 26. h3 f5 27. Nc3 Rd4 28. hxg4 Rxg4 29. a3 f4 30. Kg2 h5 31. Kf3 fxg3 32. fxg3 Rd4 33. Ne2 Rd3+ 34. Kf4 Rxa3 35. Nd4 Ra4 36. Nxe6 Rxb4+ 37. Kf5 Rg4 38. Ng5 Kf8 39. Ke6 g6 40. Kf6 Ke8 41. e6 Rd4 42. Rc8+ Rd8 43. Rxd8+ Kxd8 44. Kf7 1-0

[Event "Dubai op 22nd"]
[Site "Dubai"]
[Date "2022.09.03"]
[Round "8"]
[White "Raahul, VS."]
[Black "Gagare, Shardul"]
[Result "0-1"]
[WhiteElo "2323"]
[BlackElo "2521"]
[PlyCount "84"]
[EventDate "2022.08.27"]
[EventType "swiss"]
[EventRounds "9"]
[EventCountry "UAE"]
[SourceTitle "CBM 210 Extra"]
[Source "ChessBase"]
[SourceDate "2022.11.30"]
[SourceVersion "1"]
[SourceVersionDate "2022.11.30"]
[SourceQuality "1"]

1. d4 Nf6 2. c4 e6 3. Nc3 Bb4 4. e3 0-0 5. Bd2 d5 6. Nf3 Re8 7. Rc1 Bf8 8. cxd5 exd5 9. Ne5 c5 10. Bb5 Nbd7 11. 0-0 Nxe5 12. Bxe8 Nd3 13. Ba4 Nxc1 14. Bxc1 Bg4 15. Qd3 c4 16. Qd2 Bf5 17. f3 a6 18. Bc2 Bxc2 19. Qxc2 b5 20. a3 Qb6 21. Rd1 Rd8 22. Bd2 a5 23. Be1 b4 24. axb4 axb4 25. Ne2 Re8 26. e4 dxe4 27. Qxc4 exf3 28. gxf3 Qb7 29. Qd3 Nd5 30. Bd2 Bd6 31. Re1 Qb8 32. Ng3 Rc8 33. Kf2 b3 34. Nf5 Bb4 35. Bxb4 Qxh2+ 36. Kf1 Nf4 37. Ne7+ Kh8 38. Qd2 Qh3+ 39. Kg1 Rc2 40. Nd5 Qg3+ 41. Kf1 Qxf3+ 42. Kg1 Nh3+ 0-1

[Event "Kavala op 31st"]
[Site "Kavala"]
[Date "2022.07.30"]
[Round "6"]
[White "Gagare, Shardul"]
[Black "Levin, Guy"]
[Result "1/2-1/2"]
[WhiteElo "2514"]
[BlackElo "2363"]
[PlyCount "76"]
[EventDate "2022.07.26"]
[EventType "swiss"]
[EventRounds "9"]
[EventCountry "GRE"]
[SourceTitle "CBM 209 Extra"]
[Source "ChessBase"]
[SourceDate "2022.09.30"]
[SourceVersion "1"]
[SourceVersionDate "2022.09.30"]
[SourceQuality "1"]

1. e4 c5 2. Nf3 Nc6 3. Bb5 g6 4. Bxc6 bxc6 5. 0-0 d6 6. e5 dxe5 7. Nxe5 Bg7 8. Re1 Qc7 9. d4 Be6 10. Bf4 Qb6 11. dxc5 Qxb2 12. Nd2 Qd4 13. Bg3 Nh6 14. Nb3 Qxd1 15. Raxd1 Bxe5 16. Bxe5 0-0 17. Na5 Rac8 18. h3 Nf5 19. a4 h5 20. Rb1 Rfd8 21. Red1 Rxd1+ 22. Rxd1 f6 23. Bh2 Kf7 24. c3 Bd5 25. Rb1 Be4 26. Rb4 Bc2 27. Bb8 a6 28. Ba7 e5 29. Bb6 Ne7 30. Nc4 Ke6 31. Nd6 Rb8 32. a5 Nf5 33. Nc4 Ne7 34. Rb2 Bd3 35. Nd6 Nf5 36. Rd2 e4 37. Nxf5 gxf5 38. Rb2 Rb7 1/2-1/2

[Event "Biel HTO 55th"]
[Site "Biel"]
[Date "2022.07.22"]
[Round "9"]
[White "Gagare, Shardul"]
[Black "Peyrer, Konstantin"]
[Result "1-0"]
[WhiteElo "2514"]
[BlackElo "2406"]
[PlyCount "67"]
[EventDate "2022.07.13"]
[EventType "swiss"]
[EventRounds "9"]
[EventCountry "SUI"]
[SourceTitle "CBM 209 Extra"]
[Source "ChessBase"]
[SourceDate "2022.09.30"]
[SourceVersion "1"]
[SourceVersionDate "2022.09.30"]
[SourceQuality "1"]

1. Nf3 Nf6 2. g3 g6 3. b3 Bg7 4. Bb2 0-0 5. Bg2 d6 6. c4 e5 7. 0-0 Nc6 8. d3 Nh5 9. Nc3 f5 10. a3 Be6 11. Nd2 Qd7 12. b4 e4 13. dxe4 f4 14. Nf3 Bxc4 15. Rc1 Rae8 16. Na4 Bxb2 17. Rxc4 Bg7 18. Qd5+ Kh8 19. Nc5 Qe7 20. Nxb7 Ne5 21. Nxe5 Bxe5 22. Na5 fxg3 23. hxg3 Qg5 24. Qd3 Nxg3 25. fxg3 Rxf1+ 26. Kxf1 Bxg3 27. Nc6 Rf8+ 28. Bf3 Qh4 29. Qd4+ Kg8 30. Qg1 Kh8 31. Rc3 g5 32. Qd4+ Kg8 33. Ne7+ Kf7 34. Nf5 1-0

[Event "Gibraltar Masters 18th"]
[Site "Caleta"]
[Date "2020.01.26"]
[Round "6"]
[White "Lagarde, Maxime"]
[Black "Gagare, Shardul"]
[Result "0-1"]
[WhiteElo "2651"]
[BlackElo "2481"]
[PlyCount "84"]
[EventDate "2020.01.21"]
[EventType "swiss"]
[EventRounds "10"]
[EventCountry "GGB"]
[SourceTitle "CBM 194 Extra"]
[Source "ChessBase"]
[SourceDate "2020.03.31"]
[SourceVersion "1"]
[SourceVersionDate "2020.03.31"]
[SourceQuality "1"]

1. d4 Nf6 2. c4 e6 3. Nf3 d5 4. Nc3 Be7 5. Bf4 0-0 6. e3 Nbd7 7. Be2 dxc4 8. 0-0 a6 9. a4 c5 10. dxc5 Bxc5 11. Bxc4 b6 12. Qe2 Bb7 13. Rfd1 Qe7 14. Rd2 h6 15. Rad1 Rfc8 16. e4 Nf8 17. Bd6 Bxd6 18. Rxd6 Ng6 19. g3 Qc7 20. Bb3 Qc5 21. R6d4 b5 22. Ne1 b4 23. Nb1 a5 24. Qe3 Qh5 25. f3 Ne5 26. Nd2 Ba6 27. Kg2 Nc6 28. Rd6 Qe5 29. Nb1 Nd5 30. R6xd5 exd5 31. Rxd5 Qxb2+ 32. Nd2 Rd8 33. Qf4 Ne5 34. Nc2 Rxd5 35. exd5 Nd3 36. Qe3 Qe5 37. Qxe5 Nxe5 38. Nd4 Bb7 39. f4 Nd7 40. Nc6 Nc5 41. Kf3 Ra6 42. Bc4 Bxc6 0-1